Qualidade e agilidade do tribunais de contas : (Record no. 1127)

MARC details
000 -LÍDER
Campo Fixo de Controle 00843nam a2200241 a 4500
001 - NÚMERO DE CONTROLE
Campo de Controle 1127
003 - IDENTIFICAÇÃO DO NÚMERO DE CONTROLE
Campo de Controle BR-CuiBMT
005 - DATA E HORA DA ÚLTIMA ATUALIZAÇÃO
Campo de Controle 20231129191403.0
008 - DADOS FIXOS
Dados Fixos 231129s2017 dfba 000 0 por d
020 ## - INTERNATIONAL STANDARD BOOK NUMBER
Nº do ISBN 9788568825020
040 ## - AGÊNCIA CATALOGADORA
Código da Agência Catalogadora BR-CuiBMT
Agência que transcreveu o registro BR-CuiBMT
080 ## - Nº DA CLASSIFICAÇÃO DECIMAL UNIVERSAL
Nº Class. CDU 351.94
Nº edição CDU 2007
090 ## - NÚMERO DE CHAMADA
Nº classificação 351.94
Cutter Q1
245 00 - TÍTULO PRINCIPAL
Título principal Qualidade e agilidade do tribunais de contas :
Subtítulo diretrizes e marco de medição de desempenho /
Indicação de responsabilidade [editores: Luiz Felipe Cavalcante de Campos ... et al.].
260 ## - PUBLICAÇÃO, DISTRIBUIÇÃO, ETC.
Local de publicação Brasília :
Editora ATRICON,
Data 2017.
300 ## - DESCRIÇÃO FÍSICA
N. páginas ou volumes 292 p. :
Ilustrações il. ;
Dimensões 23 cm
504 ## - NOTA DE BIBLIOGRAFIA, ETC.
Nota de bibliografia inclui bibliografia.
650 ## - ASSUNTO TÓPICO
Cabeçalho tópico ou nome geográfico Tribunais de contas
Subdivisão geográfica Brasil
650 ## - ASSUNTO TÓPICO
Cabeçalho tópico ou nome geográfico Tribunal de contas
Subdivisão geral Desempenho
-- Avaliação
650 ## - ASSUNTO TÓPICO
Cabeçalho tópico ou nome geográfico Administração pública
Subdivisão geral Avaliação
-- Controle
700 ## - ENTRADA SECUNDÁRIA -- NOME PESSOAL
Nome pessoal Campos, Luiz Felipe Cavalcante de
Cód. do termo explicativo et al.
-- Ed.
942 ## - ELEMENTOS DE ENTRADA ADICIONAIS (KOHA)
Fonte de classificação ou esquema de arquivamento Classificação Decimal Universal
Tipo de item do Koha Livros
Holdings
Estado: removido Estado: perdido Fonte de classificação ou esquema de arquivamento Estado: danificado Indisponível para empréstimo Localização permanente Localização atual Data de aquisição Total Checkouts Número de Chamada completo Código de barras Date last seen Número do exemplar Preço efetivo a partir de Tipo de item (Koha)
    Classificação Decimal Universal     Biblioteca da Escola Superior de Contas do TCE/MT Biblioteca da Escola Superior de Contas do TCE/MT 29/11/2023   351.94 Q1 BIBTCEMT23111315 29/11/2023 Ex. 1 29/11/2023 Livros
    Classificação Decimal Universal     Biblioteca da Escola Superior de Contas do TCE/MT Biblioteca da Escola Superior de Contas do TCE/MT 29/11/2023   351.94 Q1 BIBTCEMT23120597 15/12/2023 Ex. 2 29/11/2023 Livros

Powered by Koha